000 00482nam a2200169 a 4500
005 20140412111337.0
008 031007s19uu xx 00 eng d
020 _a0-7105-1151-5
050 _aER
_bTo55
100 _aDavies, Gill
245 _aToytime /
_ctext by Gill Davies; artwork by Lawrie Taylor.
260 _aUnited Kingdom :
_bPeter Haddock Publishing,
_c[n.d.]
300 _a1 v. (unp.) ; ill.
440 _aBig Loveables
650 _aToys--Fiction
999 _c105061
_d105061